000 00570nam a2200181Ia 4500
003 GCL
008 140319s9999 xx 000 0 ara d
040 _aGCL /
_cGCL
082 0 4 _a370.1
_bم ف
100 1 _aمحمد منير مرسى
245 1 0 _aفلسفة التربية اتجاهاتها ومدارسها /
_cمحمد منير مرسى
260 _a[S.N] :
_bعالم الكتب الحديث ،
_c1993
300 _a360ص ؛
_c24سم
650 0 4 _aالفلسفة
650 0 4 _aالتربية
650 0 4 _aالتربية والتعليم
942 _2ddc
_cBK
999 _c31529
_d31529